|
|
|
|
| LEADER |
00000cam a2200000 a 4500 |
| 001 |
vtls008360939 |
| 003 |
SK-MaSNL |
| 005 |
20260302085309.0 |
| 008 |
210623s1960 xo c gr 001 0 slo |
| 015 |
|
|
|a SNBA1960/12-02015
|
| 020 |
|
|
|q (viazané)
|
| 035 |
|
|
|a SK01SNK19600053156
|
| 035 |
|
|
|a urn:nbn:sk:snk-am3i73f
|
| 035 |
|
|
|a B97809CE-43F6-422F-BACC-AF6C92744AE9
|
| 035 |
|
|
|a urn:nbn:sk:snk-am00dqpf
|
| 035 |
|
|
|a SKM000055619
|
| 040 |
|
|
|a SNK
|b slo
|c SNK
|e AACR2
|
| 041 |
1 |
|
|a slo
|h rus
|
| 044 |
|
|
|a xo
|c SK
|
| 080 |
|
|
|a 821.161.1-051
|2 2001
|
| 080 |
|
|
|a (042.5)
|2 2001
|
| 100 |
1 |
|
|a Gorkij, Maksim,
|d 1868-1936
|4 aut
|9 102443
|
| 240 |
1 |
0 |
|a Sobranije sočinenij v tridcati tomach, tom 23-27
|l Slovensky
|
| 245 |
1 |
0 |
|a State a prejavy
|c Maxim Gorkij ; z ruského originálu Sobranije sočinenij v tridcati tomach, tom 23-27 ... preložila Šarlota Barániková ... [et al.] ; doslov napísal Pavol Števček ; poznámky a vysvetlivky spracovala Dana Rapantová
|
| 250 |
|
|
|a 1. vydanie
|
| 260 |
|
|
|a Bratislava
|b Slovenské vydavateľstvo krásnej literatúry
|c 1960
|
| 300 |
|
|
|a 484 strán
|b portrét
|c 21 cm
|
| 366 |
|
|
|e 1500 kusov
|
| 490 |
1 |
|
|a Spisy Maxima Gorkého
|v Zväzok 25
|
| 504 |
|
|
|a Obsahuje menný register ; poznámky a vysvetlivky
|
| 600 |
1 |
7 |
|a Gorkij, Maksim,
|d 1868-1936
|2 SNKMA
|9 102443
|
| 650 |
0 |
7 |
|a ruskí spisovatelia
|2 SNKPH
|9 3768
|
| 650 |
0 |
7 |
|a ruská literatúra
|2 SNKPH
|9 1204
|
| 650 |
0 |
7 |
|a realizmus (literatúra)
|2 SNKPH
|9 67597
|
| 655 |
|
7 |
|a prejavy
|2 SNKPH
|9 70401
|
| 655 |
|
7 |
|a state
|2 SNKPH
|9 277999
|
| 700 |
1 |
|
|a Barániková, Šarlota,
|d 1923-1996
|4 trl
|9 101646
|
| 700 |
1 |
|
|a Števček, Pavol,
|d 1932-2003
|4 aui
|9 103687
|
| 700 |
1 |
|
|a Lehutová, Dana,
|d 1935-2007
|4 oth
|9 161676
|
| 800 |
1 |
|
|a Gorkij, Maksim,
|d 1868-1936
|t Spisy
|9 362624
|
| 958 |
|
|
|a TL
|
| 958 |
|
|
|a RK
|
| 958 |
|
|
|a OP
|
| 958 |
|
|
|a LX
|
| 968 |
|
|
|b RUS
|
| 999 |
|
|
|c 1191521
|d 1193451
|
| 952 |
|
|
|a SNK
|b SNK
|y PREZ
|7 0
|p 17A0775812
|o snkSC 5626/25
|i snkKSP 4367/60
|0 0
|1 0
|4 0
|d 2019-04-01
|f 1
|l 0
|r 2025-07-04 00:00:00
|w 2026-02-24
|